Education and cultural studies : toward a performative practice /

Bibliographic Details
Other Authors: Giroux, Henry A., Shannon, Patrick, 1951-
Format: Book
Language:English
Published: New York : Routledge, 1997.
Subjects:

MARC

Tag First Indicator Second Indicator Subfields
LEADER 00000cam a2200000 a 4500
001 in00001406062
005 20151020072359.0
008 970304s1997 nyu b 000 0 eng
010 |a  97011239  
015 |a GB97-72527 
019 |a 37976015 
020 |a 0415919134 (alk. paper) 
020 |a 0415919142 (pbk. : alk. paper) 
035 |a (OCoLC)36521082 
035 |9 AHQ2796AM 
040 |a DLC  |c DLC  |d UKM  |d TXA  |d UtOrBLW 
049 |a TXAM 
050 0 0 |a LC196  |b .E38 1997 
082 0 0 |a 370.11/5  |2 21 
245 0 0 |a Education and cultural studies :  |b toward a performative practice /  |c edited by Henry A. Giroux with Patrick Shannon. 
264 1 |a New York :  |b Routledge,  |c 1997. 
300 |a x, 272 pages ;  |c 24 cm. 
336 |a text  |b txt  |2 rdacontent 
337 |a unmediated  |b n  |2 rdamedia 
338 |a volume  |b nc  |2 rdacarrier 
504 |a Includes bibliographical references. 
650 0 |a Critical pedagogy. 
650 0 |a Culture  |x Study and teaching. 
700 1 |a Giroux, Henry A. 
700 1 |a Shannon, Patrick,  |d 1951- 
948 |a c:cer 
999 |a MARS 
999 f f |s 8796b27d-db30-3f8f-b654-c8dfbd2ab3b5  |i 52dcf190-e57f-3365-bec9-0fe167af0351  |t 0 
952 f f |p normal  |a Texas A&M University  |b College Station  |c Sterling C. Evans Library  |d Evans: Library Stacks  |t 0  |e LC196 .E38 1997  |h Library of Congress classification  |i unmediated -- volume  |m A14823414649 
998 f f |a LC196 .E38 1997  |t 0  |l Evans: Library Stacks